Fundamentals Of Nursing: The Art and Science of Person-Centered Nursing Care (Record no. 8133)

MARC details
000 -LEADER
fixed length control field 02141nam a2200193 4500
020 ## - INTERNATIONAL STANDARD BOOK NUMBER
ISBN 9781451193886
050 ## - CALL NUMBER
Classification number RT41
Item number .T21
100 ## - AUTHOR
Personal name Taylor Carol(Ed.)
245 ## - TITLE
Title Fundamentals Of Nursing: The Art and Science of Person-Centered Nursing Care
Statement of responsibility, etc Carol Taylor, Carol Lillis, Pamela Lynn and Priscilla LeMone
250 ## - EDITION
Edition statement 8th Ed.
260 ## - PUBLICATION INFORMATION
Place of publication Philadelphia :
Name of publisher Wolters Kluwer Health,
Year of publication 2015
300 ## - DESCRIPTION
Number of Pages xxxii, 1784 pages :
Other physical details illustrations (chiefly color) ;
Dimensions 28 cm
500 ## - NOTES
General note Includes Index
505 ## - FORMATTED CONTENTS NOTE
Table of Content Introduction to nursing --<br/>Theory, research, and evidence-based practice --<br/>Health, illness, and disparities --<br/>Health of the individual, family, and community --<br/>Cultural diversity --<br/>Values, ethics, and advocacy --<br/>Legal dimensions of nursing practice --<br/>The health care delivery system --<br/>Care coordination and continuity in health care settings and the community --<br/>Blended competencies, clinical reasoning, and processes of person-centered care --<br/>Assessing --<br/>Diagnosing --<br/>Outcome identification and planning --<br/>Implementing --<br/>Evaluating --<br/>Documenting, reporting, conferring and using informatics --<br/>Developmental concepts --<br/>Conception through young adult --<br/>The aging adult --<br/>Communicator --<br/>Teacher and counselor --<br/>Nurse leader, manager, and care coordinator --<br/>Asepsis and infection control --<br/>Vital signs --<br/>Health assessment --<br/>Safety, security, and emergency preparedness --<br/>Complementary and alternative therapies --<br/>Medications --<br/>Perioperative nursing --<br/>Hygiene --<br/>Skin integrity and wound care --<br/>Activity --<br/>Rest and sleep --<br/>Comfort and pain management --<br/>Nutrition --<br/>Urinary elimination --<br/>Bowel elimination --<br/>Oxygenation and perfusion --<br/>Fluid, electrolyte, and acid-base balance --<br/>Self-concept --<br/>Stress and adaptation --<br/>Loss, grief, and dying --<br/>Sensory functioning --<br/>Sexuality --<br/>Spirituality --<br/>Appendix A : Guidelines for delegation decision making --<br/>Appendix B : Equivalents --<br/>Appendix C : Normal adult laboratory values.
650 ## - SUBJECTS
Topical Term Nursing.
650 ## - SUBJECTS
Topical Term Nursing Care.
650 ## - SUBJECTS
Topical Term Nursing Process.
942 ## - ADDED ENTRY ELEMENTS (KOHA)
Koha item type Books
Holdings
Withdrawn status Lost status Home library Current library Shelving location Date acquired Source of acquisition Cost, normal purchase price Full call number Accession Number Koha item type
    Methodist University Library Main Methodist University Library Main General Stacks 30/11/2021 Legon City Mall 255.00 RT41 .T21 8583 Books
    Methodist University Library Main Methodist University Library Main General Stacks 30/11/2021 Legon City Mall 255.00 RT41 .T21 8584 Books
Copyright © 2026  MUG Library